000
00299nam a2200121Ia 4500
008
190216s9999||||xx |||||||||||||| ||und||
100
_a
Sivakumar Asthana
245
0
_a
Hindi- Brugathar Bharathi Ki Simathi Seemayam
260
_b
Lokahit Prakashan
300
_a
105
650
_a
Hindi
942
_c
BK
999
_c
16137
_d
16137